<?xml version="1.0" encoding="UTF-8"?>
<record
    xmlns:xsi="http://www.w3.org/2001/XMLSchema-instance"
    xsi:schemaLocation="http://www.loc.gov/MARC21/slim http://www.loc.gov/standards/marcxml/schema/MARC21slim.xsd"
    xmlns="http://www.loc.gov/MARC21/slim">

  <leader>01870nam a22002417a 4500</leader>
  <controlfield tag="005">20251208102955.0</controlfield>
  <controlfield tag="008">220826b           ||||| |||| 00| 0 eng d</controlfield>
  <datafield tag="020" ind1=" " ind2=" ">
    <subfield code="a">9788125055686</subfield>
  </datafield>
  <datafield tag="040" ind1=" " ind2=" ">
    <subfield code="c">AL</subfield>
  </datafield>
  <datafield tag="041" ind1=" " ind2=" ">
    <subfield code="a">English</subfield>
  </datafield>
  <datafield tag="082" ind1=" " ind2=" ">
    <subfield code="2">23</subfield>
    <subfield code="b">KAMR</subfield>
    <subfield code="a">820.32</subfield>
  </datafield>
  <datafield tag="100" ind1=" " ind2=" ">
    <subfield code="a">Martin Kampchen and others</subfield>
    <subfield code="9">248196</subfield>
  </datafield>
  <datafield tag="245" ind1=" " ind2=" ">
    <subfield code="a">Rabindranath Tagore</subfield>
    <subfield code="b">: one Hundred years of Global Reception </subfield>
  </datafield>
  <datafield tag="260" ind1=" " ind2=" ">
    <subfield code="a">New Delhi</subfield>
    <subfield code="b">Orient Blackswan Private Limited</subfield>
    <subfield code="c">2014</subfield>
  </datafield>
  <datafield tag="300" ind1=" " ind2=" ">
    <subfield code="a">xix,671p</subfield>
    <subfield code="b">HB</subfield>
    <subfield code="c">23x15cm</subfield>
  </datafield>
  <datafield tag="365" ind1=" " ind2=" ">
    <subfield code="a">3495</subfield>
    <subfield code="b">&#x20B9;1677.00</subfield>
    <subfield code="c">&#x20B9;</subfield>
    <subfield code="d">&#x20B9;2150.00</subfield>
    <subfield code="e">22%</subfield>
    <subfield code="f">09/08/2022</subfield>
  </datafield>
  <datafield tag="520" ind1=" " ind2=" ">
    <subfield code="a">The book examines how Rabindranath Tagore has been received globally from 1913, when he received the Nobel Prize for Literature for his English translation of Gitanjali, to this time. The essays arranged region-wise and continent wise deal with the translation of his writings, the impact of the poet&#x2019;s visits to different countries and his subsequent standing in the world of letters. They show that his reception underwent dramatic metamorphoses and different political and social contexts and cultural movements responded to him differently. Quoting from the writings of his critics and other thinkers who examined Tagore&#x2019;s works and with respect to many works of Tagore, they explore aspects like appreciation of ideas of Tagore in practical fields like educational philosophy, the role of personality of Tagore in disseminating his ideas, and response to his philosophy and notions such as his anti-war and anti-nationalist sentiments.

Contents:
Part one. East and South Asia
part two. Middle East and Africa
part three. Eastern and Central Europe
part four. Northern and Western Europe
part five. The Americas</subfield>
  </datafield>
  <datafield tag="650" ind1=" " ind2=" ">
    <subfield code="a">Rabindranath Tagore</subfield>
    <subfield code="9">55526</subfield>
  </datafield>
  <datafield tag="650" ind1=" " ind2=" ">
    <subfield code="a">History and Criticism</subfield>
    <subfield code="9">55527</subfield>
  </datafield>
  <datafield tag="650" ind1=" " ind2=" ">
    <subfield code="a">Travel</subfield>
    <subfield code="9">55528</subfield>
  </datafield>
  <datafield tag="700" ind1=" " ind2=" ">
    <subfield code="a">Bangha, Imre ed</subfield>
    <subfield code="9">55530</subfield>
  </datafield>
  <datafield tag="942" ind1=" " ind2=" ">
    <subfield code="2">ddc</subfield>
    <subfield code="c">BK</subfield>
  </datafield>
  <datafield tag="999" ind1=" " ind2=" ">
    <subfield code="c">224485</subfield>
    <subfield code="d">224485</subfield>
  </datafield>
  <datafield tag="952" ind1=" " ind2=" ">
    <subfield code="0">0</subfield>
    <subfield code="1">0</subfield>
    <subfield code="2">ddc</subfield>
    <subfield code="4">0</subfield>
    <subfield code="7">0</subfield>
    <subfield code="8">OTH</subfield>
    <subfield code="a">AL</subfield>
    <subfield code="b">AL</subfield>
    <subfield code="d">2022-08-11</subfield>
    <subfield code="e">Biblios Book Point</subfield>
    <subfield code="g">1677.00</subfield>
    <subfield code="l">0</subfield>
    <subfield code="o">820.32 KAMR</subfield>
    <subfield code="p">076004</subfield>
    <subfield code="r">2022-08-26 00:00:00</subfield>
    <subfield code="v">2150.00</subfield>
    <subfield code="w">2022-08-26</subfield>
    <subfield code="y">BK</subfield>
  </datafield>
</record>
